Japan's war : The great pacific conflict 1853 - 1952

This book is for Arleigh Burke, who is famous in postwar Japan as the father of the Self-Defense Forces. As a professional naval officer, Admiral Burke fought the Japanese all during the Pacific War as bravely and hard as he could, and then once victory was in hand, exhibited that compassion for whi...

Fuld beskrivelse

Đã lưu trong:
Bibliografiske detaljer
Hovedforfatter: Hoyt, Edwin P.
Format: Bog
Sprog:Undetermined
Udgivet: London Arrow books 1986
Fag:
Tags: Tilføj Tag
Ingen Tags, Vær først til at tagge denne postø!
Thư viện lưu trữ: Trung tâm Học liệu Trường Đại học Cần Thơ
LEADER 01090nam a2200241Ia 4500
001 CTU_114989
008 210402s9999 xx 000 0 und d
082 |a 940.54 
082 |b H868 
100 |a Hoyt, Edwin P. 
245 0 |a Japan's war : 
245 4 |b The great pacific conflict 1853 - 1952 
245 0 |c Edwin P. Hoyt 
260 |a London 
260 |b Arrow books 
260 |c 1986 
520 |a This book is for Arleigh Burke, who is famous in postwar Japan as the father of the Self-Defense Forces. As a professional naval officer, Admiral Burke fought the Japanese all during the Pacific War as bravely and hard as he could, and then once victory was in hand, exhibited that compassion for which Americans are justly known and turned about to become one of the best and most effective friends in the world of the New Japan. 
650 |a World War, 1939-1945,World War, 1939-1945,Japan 
650 |x Campaigns,Politics and government 
650 |y Pacific area,1868- 
650 |z Japan 
904 |i Hiếu 
980 |a Trung tâm Học liệu Trường Đại học Cần Thơ